Statistics for Fictional Characters by Letter - E

Click here to take the quiz!

General Stats

  • This quiz has been taken 16,020 times
  • The average score is 10 of 19

Answer Stats

Hint Character % Correct
Bert's platonic life partnerErnie
82%
Donkey friend of Winnie-the-PoohEeyore
81%
Saw the ghost of Christmas FutureEbenezer Scrooge
78%
He hunts for wabbitsElmer Fudd
74%
Bella Swan's beauEdward Cullen
73%
Toddler muppet with red furElmo
73%
Mammal that carries a basket
full of colored eggs
Easter Bunny
67%
Gypsy girl who befriends
the Hunchback of Notre Dame
Esmeralda
63%
WALL-E's girlfriendEVE
59%
Friend of Jerry, George, and KramerElaine Benes
54%
Respect the authoritay of this
South Park resident
Eric Cartman
48%
"Pride and Prejudice" protagonistElizabeth Bennet
43%
Stretchy matriarch of "The Incredibles"Elastigirl
42%
When the Alien attacked, she was
the only one to escape
Ellen Ripley
38%
Lord of RivendellElrond
37%
"Mission Impossible" movie protagonistEthan Hunt
36%
Chaperone of the District 12 tributesEffie Trinket
28%
The brainy GhostbusterEgon Spengler
23%
Genius third child who goes
to Battle School
Ender Wiggin
21%

Score Distribution

Percentile by Number Answered

Percent of People with Each Score

Your Score History

You have not taken this quiz